000 00621nas a2200217 4500
001 BR8107320
003 BR-BrBNA
005 20231205084905.0
007 ta
008 230509b bl.|||p| |||| 00| 00por d
040 _aBR-BrBNA
_bpor
_cBiblioteca Nacional de Agricultura
041 _a(Pt)
072 _aL73
100 1 _aCury, R. de M.
245 1 _aCoccidiose: uma ameaca universal a avicultura [Brasil]
650 _aGALINHA
650 _aCOCCIDIOSE
773 0 _tAgroquimica (Brazil)
_xISSN 0100-6312
_g(1981), (no. 16) p. 24-26
_wBR8107320
909 _a202311
_bLúcia
_c55
_dLúcia Elande
942 _2AGRIS
_n0
_cANA
999 _c107930
_d107930